000 00697nam a2200289Ia 4500
005 20260324133024.0
008 008 260324s9999 xx 000 0 eng d
020 _a9780203494035
037 _aEBOOK
040 _aCRL
040 _beng
040 _cCRL
041 _2eng
041 _aeng
084 _qCRL
100 _aDennis W. Johnson
_91164813
245 0 _aCongress Online
245 0 _bBridging the Gap Between Citizens and their Representatives
260 _bTaylor and Francis
260 _c2004
365 _a
365 _b180
856 _uhttp://www.taylorfrancis.com/books/9780203494035
942 _cEBOOK
999 _c1790160
_d1790160